R v Buckinghamshire CC and another ex p Laing Homes Ltd (Record no. 73218)
[ view plain ]
| 000 -LEADER | |
|---|---|
| fixed length control field | 01717cam a2200217 4500 |
| 001 - CONTROL NUMBER | |
| control field | ABS67014 |
| 008 - FIXED-LENGTH DATA ELEMENTS--GENERAL INFORMATION | |
| fixed length control field | 030813n2003 000 0 eng u |
| 035 ## - SYSTEM CONTROL NUMBER | |
| System control number | (Sirsi) u123268 |
| 245 ## - TITLE STATEMENT | |
| Title | R v Buckinghamshire CC and another ex p Laing Homes Ltd |
| 260 ## - PUBLICATION, DISTRIBUTION, ETC. | |
| Date of publication, distribution, etc. | 2003 |
| 490 ## - SERIES STATEMENT | |
| Series statement | Journal of Planning and Environment Law |
| Volume/sequential designation | [2004 JPL 319-353(35) |
| 520 ## - SUMMARY, ETC. | |
| Summary, etc. | [2003] EWHC 1578, 8 July 2003. Application by claimant (L) for a judicial review of decision by defendant council (B) to register land as a village green under the Commons Registration Act 1965 s22. Land was owned by L. B's decision was based upon an inspector's report that the local inhabitant had enjoyed recreational use of the land as of right for at least 20 years. The inspector had concluded that the use of the land by a licensee of L for an annual cutting of hay for more than one-half of the 20-year period and for low-level grazing was not incompatible with the establishment of village green rights. L argued that the registration would make the land subject to the Inclosure Act 1857 s12 and the Commons Act 1876 s29 which would impose severe restrictions upon the use of its land. HC held that village green rights could not be established where land used to cultivate and harvest a hay crop. Claim allowed. Decision quashed. View judgment at www.bailii.org. |
| 590 ## - LOCAL NOTE (RLIN) | |
| Local note | ABS |
| 650 ## - SUBJECT ADDED ENTRY--TOPICAL TERM | |
| Topical term or geographic name entry element | R V BUCKINGHAMSHIRE CC AND ANOTHER EX P LAING HOMES LTD |
| 650 ## - SUBJECT ADDED ENTRY--TOPICAL TERM | |
| Topical term or geographic name entry element | VILLAGE GREENS |
| 650 ## - SUBJECT ADDED ENTRY--TOPICAL TERM | |
| Topical term or geographic name entry element | COMMONS REGISTRATION ACT 1965 S22 |
| 650 ## - SUBJECT ADDED ENTRY--TOPICAL TERM | |
| Topical term or geographic name entry element | PUBLIC RIGHTS OF WAY |
| 690 ## - LOCAL SUBJECT ADDED ENTRY--TOPICAL TERM (OCLC, RLIN) | |
| Topical term or geographic name as entry element | PROPERTY AND LAND LAW-CASE LAW |
| 856 ## - ELECTRONIC LOCATION AND ACCESS | |
| Uniform Resource Identifier | <a href="https://www.bailii.org/ew/cases/EWHC/Admin/2003/1578.html">https://www.bailii.org/ew/cases/EWHC/Admin/2003/1578.html</a> |
| -- | iew the judgment on the Bailii website... |
| 942 ## - ADDED ENTRY ELEMENTS (KOHA) | |
| Suppress in OPAC | 0 |
| Withdrawn status | Lost status | Source of classification or shelving scheme | Damaged status | Not for loan | Home library | Current library | Shelving location | Date acquired | Total Checkouts | Full call number | Barcode | Date last seen | Copy number | Price effective from | Koha item type |
|---|---|---|---|---|---|---|---|---|---|---|---|---|---|---|---|
| Dewey Decimal Classification | London | London | Journal article | 13/08/2003 | ABS67014 | 123268-1001 | 06/08/2019 | 1 | 06/08/2019 | Law report |